000 00426nam a22001817a 4500
003 CEME
005 20210628204125.0
008 210107b xxu||||| |||| 00| 0 eng d
020 _a9780750680370
040 _cceme
082 _a629.231 NUN
100 _aNunney, M.J
_968847
245 _aLight and heavy vehicle technology
250 _a4TH
260 _aUK
_bELSEVIER
_c2007
300 _aXII, 671P
942 _cBK
_2ddc
999 _c576303
_d576303